| 000 | 00736nam a2200241 i 4500 | ||
|---|---|---|---|
| 001 | bg | ||
| 100 | 1 | _aPODOSKI, Kazimierz | |
| 245 | 1 | 0 |
_aPolityka społeczna / _cKazimierz Podoski, Witold Turnowiecki. |
| 250 | _a[Wyd.1, dodr.]. | ||
| 260 |
_aGdańsk : _bWydawnictwo Uniwersytetu Gdańskiego, _c1998. |
||
| 300 |
_a149, [13] s. ; _c24 cm. |
||
| 505 | _aZaw. tekst Europejskiej Karty Społecznej i Karty Socjalnej Wspólnoty Europejskiej. | ||
| 650 | 9 | _aPolityka społeczna | |
| 655 | _aPodręczniki akademickie | ||
| 700 | 1 | _aTURNOWIECKI, Witold | |
| 020 | _a8370174876 | ||
| 040 | _cBPK | ||
| 041 | 0 | _apol | |
| 080 | _a304(075.8) | ||
| 920 | _a83-7017-487-6 | ||
| 942 | _cKS | ||
| 008 | s pl f |000 0 pol | ||
| 999 |
_c53421 _d53421 |
||
| 856 |
_uhttp://koha.tu.koszalin.pl/cgi-bin/koha/opac-detail.pl?biblionumber=53421 _yKatalog online BPK |
||